Statistics for FIFA 22 FUT Captains

Click here to take the quiz!

General Stats

  • This quiz has been taken 63 times
    (50 since last reset)
  • The average score is 31 of 43

Answer Stats

ClubPositionRatingAnswer% Correct
MonacoST92Wissam Ben Yedder
89%
Serie A (Hero)ST93Antonio Di Natale
87%
NapoliLW92Lorenzo Insigne
87%
TottenhamGK92Hugo Lloris
84%
Borussia DortmundCF93Marco Reus
84%
Real MadridLB94Marcelo
82%
ArsenalST93Alexandre Lacazette
80%
MLS (Hero)CAM91Clint Dempsey
80%
Man CityCDM92Fernandinho
80%
Premier League (Hero)RW92Joe Cole
80%
FreiburgLB88Christian Gunter
78%
MarseilleCAM90Dimitri Payet
78%
LiverpoolCDM93Jordan Henderson
78%
Inter MilanGK90Samir Handanovic
78%
Aston VillaCB90Tyrone Mings
78%
LilleCB91Jose Fonte
76%
Atletico MadridCM91Koke
76%
Bundesliga (Hero)ST93Mario Gomez
76%
PortoCB89Pepe
76%
BarcelonaCDM92Sergio Busquets
76%
AjaxLW89Dusan Tadic
73%
Real BetisRM92Joaquin
73%
LyonRB87Leo Dubois
73%
West HamCM89Mark Noble
73%
EvertonRB88Seamus Coleman
73%
Ligue 1 (Hero)CAM94Abedi Pele
71%
Athletic BilbaoCAM89Iker Muniain
71%
La Liga (Hero)ST93Diego Milito
69%
Serie A (Hero)CB92Ivan Cordoba
69%
RomaCAM89Lorenzo Pellegrini
69%
Premier League (Hero)ST92Robbie Keane
67%
SampdoriaST92Fabio Quagliarella
64%
SouthamptonCM90James Ward-Prowse
64%
FC KolnCDM87Jonas Hector
64%
Premier League (Hero)ST91Tim Cahill
64%
Hertha BerlinCB88Dedryck Boyata
62%
Borussia MonchengladbachCAM89Lars Stindl
62%
LeedsCB88Liam Cooper
62%
Premier League (Hero)LM92Freddie Ljungberg
60%
Union BerlinRWB88Christopher Trimmel
56%
BolognaCDM74Gary Medel
51%
Sheffield UnitedST74Billy Sharp
47%
LorientCDM88Fabien Lemoine
47%

Score Distribution

Percentile by Number Answered

Percent of People with Each Score

Your Score History

You have not taken this quiz since the last reset